| 000 | 00764cam a22002413a 4500 | ||
|---|---|---|---|
| 001 | 30364 | ||
| 003 | PGUSA | ||
| 005 | 20140828083645.0 | ||
| 008 | 091029s2009||||xxu|||||s|||||000 | eng d | ||
| 040 |
_aPGUSA _beng |
||
| 042 | _adc | ||
| 050 | 4 | _aDS | |
| 100 | 1 |
_aHamilton, Francis, _d1762-1829 |
|
| 245 | 1 | 3 |
_aAn Account of The Kingdom of Nepal : _bAnd of the Territories Annexed to this Dominion by the House of Gorkha _h[electronic resource] / _cFrancis Hamilton |
| 260 |
_bProject Gutenberg, _c2009 |
||
| 506 | _aPublic domain in the USA. | ||
| 516 | _aElectronic text | ||
| 653 | _aNepal -- Description and travel | ||
| 653 | _aNepal -- History | ||
| 830 | 0 |
_aProject Gutenberg _v30364 |
|
| 856 | 4 | 0 | _uhttp://www.gutenberg.org/ebooks/30364 |
| 942 | _cEB | ||
| 999 |
_c259619 _d259619 |
||